Zootecnia: alimentación y cuidado de los animales /
Guardado en:
| Formato: | Libro |
|---|---|
| Publicado: |
Roma :
Organización de las Naciones Unidas para la Agricultura y la Alimentación,
1978
|
| Materias: | |
| Etiquetas: |
Agregar Etiqueta
Sin Etiquetas, Sea el primero en etiquetar este registro!
|
| LEADER | 00701nam a22002055a 4500 | ||
|---|---|---|---|
| 001 | CEM.cems015634 | ||
| 005 | 20130520104812.0 | ||
| 008 | 130507s1978##################000#0#####d | ||
| 003 | CEMS | ||
| 082 | 0 | 4 | |a 636.084 |
| 245 | 0 | 0 | |a Zootecnia: alimentación y cuidado de los animales / |c , |
| 260 | |a Roma : |b Organización de las Naciones Unidas para la Agricultura y la Alimentación, |c 1978 | ||
| 300 | |a 38 p. | ||
| 653 | |a Forrajes-cultivos | ||
| 653 | |a Ganadería | ||
| 653 | |a Ganado-alimentación | ||
| 653 | |a Nutrición animal | ||
| 653 | |a Pasturas | ||
| 859 | |a CEMS |b BIB. CEMS - Agricultura |h 636.084 |i Z767 |p A1883.13 |t Ej.2 |v 8 |3 8 | ||
| 859 | |a CEMS |b BIB. CEMS - Agricultura |h 636.084 |i Z767 |p A9238.81 |t Ej.1 |v 8 |3 8 | ||
